| 000 | 00443nam a2200097Ia 4500 | ||
|---|---|---|---|
| 008 | 180130s9999 xx 000 0 und d | ||
| 245 |
_cCarlson, Kevin D.; Kavanagh, Michael J. _aCost justifying human resource information systems investments |
||
| 260 | _c2015 | ||
| 300 | _aBook title: Human resource information systems : basics, applications, and future directions /--Acession number C17426; pages 175-208 | ||
| 650 | _aHUMAN RESOURCE MANAGEMENT | ||
| 999 |
_c353667 _d353667 |
||